00341nam a2200157Ia 4500008004100000041000800041100001200049245002200061260003100083300000800114365001200122500000900134520001200143650000900155999001900164230605s2007 xx 000 0 und d aeng aFrazier aFood Microbiology bTata Mc Garth c2007c2007 a539 b212h10 a1695 aGeneral aC.S. c418481d418481